|
|
|
|
| LEADER |
01601nam a22004097i 4500 |
| 001 |
39931 |
| 003 |
BD-DhAAL |
| 005 |
20221102132422.0 |
| 008 |
221102r20192014cc 001 0 eng d |
| 999 |
|
|
|c 44902
|d 44902
|
| 010 |
|
|
|a 2013454890
|
| 020 |
|
|
|a 9789351103806
|
| 020 |
|
|
|a 9781449361341
|
| 020 |
|
|
|a 144936134X
|
| 035 |
|
|
|a (OCoLC)ocn866580242
|
| 040 |
|
|
|a NYP
|b eng
|c NYP
|e rda
|d IXA
|d OCLCA
|d DEBSZ
|d M$K
|d DLC
|d BD-DhAAL
|e rda
|
| 042 |
|
|
|a lccopycat
|
| 050 |
0 |
0 |
|a TK5105.888
|b .B8553 2014
|
| 082 |
|
|
|a 006.76
|2 23
|
| 100 |
1 |
|
|a Burke, Bill,
|e author.
|9 52158
|
| 245 |
1 |
0 |
|a RESTful Java with JAX-RS 2.0 /
|c Bill Burke.
|
| 250 |
|
|
|a Second edition.
|
| 264 |
|
1 |
|a Beijing :
|b O'Reilly,
|c c2014.
|
| 264 |
|
4 |
|c c2014
|
| 300 |
|
|
|a xxi, 367 pages ;
|c 24 cm.
|
| 500 |
|
|
|a "Designing and developing distributed web services"--Cover.
|
| 500 |
|
|
|a Includes index.
|
| 526 |
|
|
|a CSE
|
| 541 |
|
|
|a Book Finder International
|e 39931, 39932
|
| 650 |
|
0 |
|a Web site development.
|9 52159
|
| 650 |
|
0 |
|a Web services.
|9 52160
|
| 650 |
|
0 |
|a Java (Computer program language).
|9 52161
|
| 650 |
|
0 |
|a Computer science.
|9 52162
|
| 852 |
|
|
|a Ayesha Abed Library
|c General Stacks
|
| 942 |
|
|
|2 ddc
|c BK
|
| 952 |
|
|
|0 0
|1 0
|2 ddc
|4 0
|6 006_760000000000000_BUR
|7 0
|9 72196
|a BRACUL
|b BRACUL
|c GEN
|d 2022-10-27
|e Book Finder International
|g 1400.32
|l 0
|o 006.76 BUR
|p 3010039932
|r 2022-10-27
|t 2
|v 1400.32
|w 2022-10-27
|y BK
|
| 952 |
|
|
|0 0
|1 0
|2 ddc
|4 0
|6 006_760000000000000_BUR
|7 0
|9 72197
|a BRACUL
|b BRACUL
|c GEN
|d 2022-10-27
|e Book Finder International
|g 1400.32
|l 1
|m 14
|o 006.76 BUR
|p 3010039931
|r 2023-05-03
|s 2023-01-22
|t 1
|v 1400.32
|w 2022-10-27
|y BK
|